000 00988nam a2200253 a 4500
001 52074
005 20180714041757.0
008 140415s2006 mx 000 0 spa d
020 _a9700767825
041 _aspa
082 _a340.5
_bSIR
100 1 _aSIRVENT GUTIERREZ, CONSUELO
245 1 0 _aSISTEMAS JURIDICOS CONTEMPORANEOS.
250 _a1a ed.
260 _aMEXICO :
_bPORRUA,
_c2006.
300 _a238 ;
_c25 cm.
336 3 _atexto
_2rdacontent
337 _asinmediación
_2rdamedia
338 _avolumen
_2rdacarrier
490 _aCIENCIA
520 _aLA GLOBALIZACION IMPLICA LA NECESIDAD DE CONOCER LOS SISTEMAS JURIDICOS EXISTENTES EN EL MUNDO, LO CUAL RESULTA DIFICIL YA QUE CADA PAÍS TIENE EL PROPIO. ENCONTRAMOS DIFERENCIAS ENTRE ELLOS PERO TAMBIEN APRECIAMOS SEMEJANZAS Y RASGOS COMUNES QUE NOS PERMITEN AGRUPARLOS EN CATEGORÍAS O FAMILIAS.
650 1 4 _aDERECHO ROMANO
_xDERECHO
_xHISTORIA
700 1 _aMARGADANT S., GUILLERMO F.
_epról.
999 _c52074
_d52074